Ciudades en desarrollo: ensayo sobre las políticas urbanas en el tercer mundo

保存先:
書誌詳細
主要な著者: Massiah, Gustave (autor), Tribillon, Jean-Francois (著者)
フォーマット: 図書
言語:スペイン語
出版事項: Cuernavaca Siglo Veintiuno Editores 1993
版:1a. ed
シリーズ:Arquitectura y Urbanismo
主題:
タグ: タグ追加
タグなし, このレコードへの初めてのタグを付けませんか!

MARC

LEADER 00000cam a2200000 a 4500
001 UCE1532
003 CL-VaPUC
008 140502e19930000mx |||||||||||||||||spa|d
020 |a 9682318661 
082 0 4 |a 307.76  |b MAS  |2 21 
100 |a Massiah, Gustave  |e autor  |9 573888 
700 0 |a Tribillon, Jean-Francois  |e author  |9 573889 
245 1 0 |a Ciudades en desarrollo: ensayo sobre las políticas urbanas en el tercer mundo 
250 |a 1a. ed 
300 |a 310 p 
942 |c BK 
945 |d 20140502 10:02:00  |a dcastane 
260 |a Cuernavaca  |b Siglo Veintiuno Editores  |c 1993 
650 0 |a Sociología urbana  |9 268099 
650 0 |a Comunidades urbanas  |9 556622 
650 7 |a DESARROLLO URBANO  |2 CL-VaPUC  |9 573890 
650 0 |a Renovación urbana   |9 256385 
650 0 |a Planificación urbana   |9 258176 
583 |a last modification  |c 20140502 10:02:00  |k Rodrigo Vera 
490 0 |a Arquitectura y Urbanismo 
999 |c 355308  |d 355306 
952 |0 0  |1 0  |3 erb  |4 0  |6 307_760000000000000_MAS_1993  |7 0  |8 A  |9 461973  |a BIBING  |b BIBING  |i 5069661  |o 307.76 MAS 1993  |p 5069661  |r 2025-01-20  |w 2019-11-23  |y BK  |z Catalogado en:20140502  |k GEO 
952 |0 0  |1 0  |3 erb  |4 0  |6 307_760000000000000_MAS_1993  |7 0  |8 A  |9 461974  |a BIBING  |b BIBING  |i 5134420  |o 307.76 MAS 1993  |p 5134420  |r 2025-01-20  |w 2019-11-23  |y BK  |z Catalogado en:20150109  |k GEO